Bandiere con la più alta percentuale di ogni colore - Statistics

Statistiche generali
  • Questo quiz è stato fatto 84 volte
  • Il punteggio medio è 4 su 11
Statistiche sulle risposte
Flag Percentage Country % Corretto
Rosso 97% Cina
90%
Blu 97% Stati Federati di Micronesia
56%
Verde 93% Arabia Saudita
50%
Rosa 0,1% Spagna
34%
Arancione 39% Bhutan
29%
Viola 0,3% Dominica
23%
Giallo 53% Brunei
20%
Bianco 87% Cipro
19%
Nero 48% Libia
19%
Grigio 2% Città del Vaticano
9%
Marroni 6% Andorra
3%
Nessun quiz corrispondente trovato
Distribuzione punteggi
Percentuale di utenti per punteggio
Percentile per numero di risposta
I tuoi punteggi nel tempo
Non hai fatto questo quiz